000
00324nam a22001457a 4500
008
210311b ||||| |||| 00| 0 eng d
020
_a
9780323016117
041
_a
eng
080
_2
6th
_a
610.73
082
_a
610.73
100
_a
2
101
_a
INF
245
_a
Medical Surgical Nursing
_c
Lewis,M.SH
942
_2
udc
_c
BK
999
_c
56307
_d
56307